000 00953nab a2200253 4500
003 BR-BrBNA
005 20240215163252.0
008 240215b bl.||||| |||| 00| 0 por d
040 _aBR-BrBNA
_bpor
072 _aF01 ; F30 ; F62
_b0337 ; 9544
100 _aRichter, Neide Terezinha
100 _aLasca, Dalmo H. de Campos (cons.)
245 _aMultiplicação da cultura do girassol
500 _a2 illus.
650 _aGIRASSOL
650 _aPLANTA OLEAGINOSA
650 _aMELHORAMENTO GENÉTICO VEGETAL
650 _aVARIEDADE
650 _aCOLHEITA
650 _aPRODUÇÃO
773 0 _01330
_9275223
_dCampinas-SP Coordenadoria de Assistência Técnica Integral - CATI - Centro de Comunicação Rural e Treinamento - CECORT 1979. Data final de publicação em 1990
_o2023-437031
_tCasa da Agricultura (Brazil)
_x0100-6541
_gv. 2(2) p. 8-10 (Mar-Apr 1980)
_wBR2023002398
942 _cAnalítica
999 _c298514
_d298514